| 000 | 00979nam a2200289 i 4500 | ||
|---|---|---|---|
| 003 | EG-GICUC | ||
| 005 | 20260427081944.0 | ||
| 008 | 260427s1984 jo |fr|||| 000 0 eng d | ||
| 040 |
_aEG-GiCUC _beng _cEG-GiCUC _dEG-GiCUC _erda |
||
| 041 | 0 | _aeng | |
| 082 | 0 | 4 |
_221 _a341.520569 _bPA |
| 092 | 0 | 4 | _221 |
| 099 | _aLaw1 11 341.520569 PA 1984 | ||
| 245 | 0 | 0 | _aPalestine, Fundamentalism, And Liberalism. |
| 264 | 1 |
_aAmman : _bArab Thought Forum, _c1984. |
|
| 300 |
_a71pages, _c24 cm. |
||
| 336 |
_2rda content _atext |
||
| 337 |
_2rda media _aComputer |
||
| 338 |
_2rda carrier _aOnline Resource |
||
| 490 |
_aInternational Dialogues Series _v(3) |
||
| 500 | _aProceeding Of The Arab-liberal International Meeting Sponsored By The Arab Thought Forum Amman-jordan 10-11 September 1984 | ||
| 546 | _aText in English | ||
| 650 | 1 | 4 | _aPublic international law |
| 856 | 4 | 0 | _uhttps://fll.law.cu.edu.eg/fulltext/bks/B11-07970.pdf |
| 905 | _a48 | ||
| 942 |
_2ddc _cBK _e21 _n0 |
||
| 999 |
_c73538 _d73538 |
||